<?xml version="1.0" encoding="UTF-8"?><?xml-stylesheet type="text/xsl" href="static/style.xsl"?><OAI-PMH xmlns="http://www.openarchives.org/OAI/2.0/" xmlns:xsi="http://www.w3.org/2001/XMLSchema-instance" xsi:schemaLocation="http://www.openarchives.org/OAI/2.0/ http://www.openarchives.org/OAI/2.0/OAI-PMH.xsd"><responseDate>2026-04-17T20:33:00Z</responseDate><request verb="GetRecord" identifier="oai:www.recercat.cat:2117/429469" metadataPrefix="marc">https://recercat.cat/oai/request</request><GetRecord><record><header><identifier>oai:recercat.cat:2117/429469</identifier><datestamp>2025-07-23T04:38:14Z</datestamp><setSpec>com_2072_1033</setSpec><setSpec>col_2072_452951</setSpec></header><metadata><record xmlns="http://www.loc.gov/MARC21/slim" xmlns:dcterms="http://purl.org/dc/terms/" xmlns:xsi="http://www.w3.org/2001/XMLSchema-instance" xmlns:doc="http://www.lyncode.com/xoai" xsi:schemaLocation="http://www.loc.gov/MARC21/slim http://www.loc.gov/standards/marcxml/schema/MARC21slim.xsd">
   <leader>00925njm 22002777a 4500</leader>
   <datafield ind2=" " ind1=" " tag="042">
      <subfield code="a">dc</subfield>
   </datafield>
   <datafield ind2=" " ind1=" " tag="720">
      <subfield code="a">Machado Landa, Ivan</subfield>
      <subfield code="e">author</subfield>
   </datafield>
   <datafield ind2=" " ind1=" " tag="260">
      <subfield code="c">2025-01-10</subfield>
   </datafield>
   <datafield ind2=" " ind1=" " tag="520">
      <subfield code="a">El presente trabajo de fin de grado tiene como objetivo profundizar en las operaciones necesarias para el transporte de mercancías a bordo de un buque tanque quimiquero, con especial énfasis en el complejo proceso de limpieza de tanques tras una operación de descarga. Para ello, se empleará la información y experiencia adquiridas durante el período de embarque como alumno de puente y cubierta. En primer lugar, se ofrecerá una introducción general que abarca qué es un buque tanque, su propósito y las características principales que lo distinguen. Asimismo, se describirán de manera resumida las normativas aplicables, incluyendo los convenios y códigos internacionales más relevantes para este tipo de embarcaciones. El núcleo del trabajo se centra en detallar, paso a paso, las diversas operativas realizadas en este tipo de buques, desde las preparaciones iniciales previas a la carga del producto, hasta el proceso de descarga y, finalmente, un análisis exhaustivo del procedimiento completo de limpieza de tanques. Este enfoque integral busca destacar la importancia de los sistemas y equipos disponibles a bordo y su correcta utilización en cada etapa de las operaciones. Este estudio no solo pretende describir los procedimientos técnicos, sino también resaltar su relevancia en términos de seguridad, eficiencia y cumplimiento normativo en el transporte de productos químicos a nivel marítimo.</subfield>
   </datafield>
   <datafield tag="653" ind2=" " ind1=" ">
      <subfield code="a">Àrees temàtiques de la UPC::Nàutica::Seguretat marítima</subfield>
   </datafield>
   <datafield tag="653" ind2=" " ind1=" ">
      <subfield code="a">Àrees temàtiques de la UPC::Nàutica::Navegació marítima::Transport marítim</subfield>
   </datafield>
   <datafield tag="653" ind2=" " ind1=" ">
      <subfield code="a">Ships--Safety regulations</subfield>
   </datafield>
   <datafield tag="653" ind2=" " ind1=" ">
      <subfield code="a">Merchant marine--Safety measures</subfield>
   </datafield>
   <datafield tag="653" ind2=" " ind1=" ">
      <subfield code="a">Chemical carriers (Tankers)</subfield>
   </datafield>
   <datafield tag="653" ind2=" " ind1=" ">
      <subfield code="a">Transporte marítimo</subfield>
   </datafield>
   <datafield tag="653" ind2=" " ind1=" ">
      <subfield code="a">Sustancias líquidas nocivas</subfield>
   </datafield>
   <datafield tag="653" ind2=" " ind1=" ">
      <subfield code="a">Limpieza de tanques</subfield>
   </datafield>
   <datafield tag="653" ind2=" " ind1=" ">
      <subfield code="a">Seguridad marítima</subfield>
   </datafield>
   <datafield tag="653" ind2=" " ind1=" ">
      <subfield code="a">Operaciones de carga y descarga</subfield>
   </datafield>
   <datafield tag="653" ind2=" " ind1=" ">
      <subfield code="a">Buque tanque quimiquero</subfield>
   </datafield>
   <datafield tag="653" ind2=" " ind1=" ">
      <subfield code="a">Marina mercant--Mesures de seguretat</subfield>
   </datafield>
   <datafield tag="653" ind2=" " ind1=" ">
      <subfield code="a">Productes químics -- Transport</subfield>
   </datafield>
   <datafield tag="653" ind2=" " ind1=" ">
      <subfield code="a">Vaixells quimiquers -- Mesures de seguretat</subfield>
   </datafield>
   <datafield tag="653" ind2=" " ind1=" ">
      <subfield code="a">Seguretat marítima</subfield>
   </datafield>
   <datafield ind2="0" ind1="0" tag="245">
      <subfield code="a">Análisis de la operativa de carga y de la limpieza de tanques en un buque dedicado al transporte de productos químicos</subfield>
   </datafield>
</record></metadata></record></GetRecord></OAI-PMH>